000 00707cam a22002173a 4500
001 38896
003 PGUSA
005 20140828083847.0
008 120216s2012||||xxu|||||s|||||000 | eng d
040 _aPGUSA
_beng
042 _adc
100 1 _aPaine, Albert Bigelow,
_d1861-1937
245 1 4 _aThe Hollow Tree Snowed-in Book :
_bbeing a continuation of the stories about the Hollow Tree and Deep Woods people
_h[electronic resource] /
_cAlbert Bigelow Paine
260 _bProject Gutenberg,
_c2012
506 _aPublic domain in the USA.
516 _aElectronic text
700 1 _aCondé, J. M.
830 0 _aProject Gutenberg
_v38896
856 4 0 _uhttp://www.gutenberg.org/ebooks/38896
942 _cEB
999 _c268150
_d268150